000 00604nam a2200193 a 4500
001 000016137
005 20240305081321.0
008 100226s1982 dr ac 000 0 spa d
040 _aDO-SdBNP
_bspa
_cBNPHU
082 _axxxx
_bA345
245 0 0 _aAlbúm del servidor público 1982 /
_cprólogo Raymundo Amaro Guzmán.
260 _aSanto Domingo :
_bPublicaciones ONAP,
_c1982.
300 _a215 p. :
_bil. retr. ;
_c22 cm.
490 1 _aFolletos y boletines
_v1
490 1 _aONAP
700 1 _aAmaro Guzmán, Raymundo
_epról.
_9656
830 0 _aFolletos y boletines
_v1
_936132
830 _aONAP
_910860
999 _c15677
_d15677